00964nam a2200205 a 450000100100000000500170001000800410002702000150006804000250008308200160010811000900012424500470021426000880026130000360034950001860038550000410057104900090061295201200062199900170074100002483620200930023411.0110204s2000 pn ad r 000 0 spa d a9962606152 aDO-SdBNPbspacBNPHU axxxxbP964m2 aPrograma Promoción de la Igualdad de Oportunidades en Panamá (PROIGUALDAD)95097910aMujeres y violencia :bHistoria de vida /. a[Ciudad de Panamá] :bInstituto de la Mujer de la Universidad de Panamá,c2000. a183 p. :bil., retrs. ;c21 cm. aEn la portada: Diagnóstico de la situación socioeconómica con enfoque de género en los corregimientos de Santa Ana, San Felipe, El Chorrillo, Calidonia, Curundú y Ancón. aIncluye bibliografía p. [182-183]. aBNGR 001054708MOaGRbGRcCTd2011-02-04iLF1l0oxxxx P964mp24836-10r2020-06-25w2020-06-25y4ZPréstamo en sala c24329d24329